| 000 | 01303aam a2200361 i 4500 | ||
|---|---|---|---|
| 999 |
_c69184 _d69184 |
||
| 001 | 69184 | ||
| 003 | Mx-PuUPA | ||
| 005 | 20240410104312.0 | ||
| 008 | 201118s2018 mx ||||gr|||| 001 j spa d | ||
| 020 | _a9786070746673 | ||
| 040 |
_aMx-PuUPA _bspa _cMx-PuUPA _dMx-PuUPA _erda |
||
| 041 | 1 |
_aspa _heng |
|
| 100 | 1 |
_910958 _aGaiman, Neil, _d1960- _eautor |
|
| 240 | 1 | 0 |
_aNorse mythology. _lEspañol |
| 245 | 1 | 0 |
_aMitos nórdicos / _cNeil Gaiman ; traducción de Claudia Conde |
| 250 | _aPrimera edición | ||
| 264 | 4 |
_aCiudad de México : _bEdiciones Destino, _c2018 |
|
| 300 |
_a269 páginas ; _c24 cm |
||
| 336 |
_2rdacontent _atexto _btxt |
||
| 337 |
_2rdamedia _asin medio _bn |
||
| 338 |
_2rdacarrier _avolumen _bnc |
||
| 490 | 0 | _aColección Áncora y Delfín | |
| 500 | _a"Las hazañas de Thor y las intrigas de los dioses noveladas por un maestro en contar historias". -- Cubierta | ||
| 545 | 1 | _aReimpresiones: (quinta, diciembre 2019). | |
| 650 | 4 | _aMitología nórdica | |
| 650 | 4 | _aMitología escandinava | |
| 700 | 1 |
_aConde, Claudia, _etraductor |
|
| 765 | 1 | 8 |
_aGaiman, Neil, 1960- _tNorse mythology. |
| 942 |
_2ddc _cLI _h293.13 _iG137 |
||